Tilastot visalle Maat, joissa on löydetty alkuaineita

Klikkaa tästä pelataksesi tätä visaa!

Yleistilastot

  • Tätä visaa on pelattu 39 kertaa
  • Keskiarvotulos 10 / 13

Vastaustilastot

MääräValtio% Oikein
6Venäjä
97%
17Yhdysvallat
97%
19Ruotsi
94%
17Ranska
91%
1Suomi
91%
1Italia
88%
19Saksa
88%
23Yhdistynyt kuningaskunta
88%
2Espanja
78%
2Sveitsi
69%
2Itävalta
63%
2Tanska
63%
1Romania
31%

Tulosjakauma

Persentiili vastausten määrän mukaan

Jokaisen tuloksen saaneiden osuus

Tuloshistoriasi

Et ole pelannut tätä visaa